000 00511 a2200157 4500
020 _a8183290353
020 _a9788183290357
082 _a541.369
100 _aSingh, R, K.
245 0 0 _aThermodynamics.
_cDr. R. K. Singh
260 _aNew Delhi
_bShree Publishers
_c2005.
300 _a1 v. (unpaged)
700 _aSingh, R. K.
942 _aSNS
_cBK
_k541.369 SIN
999 _c29261
_d29261